Escuela de Ciencias ambientales + 23 /

保存先:
書誌詳細
第一著者: Romero, Rodia
フォーマット: テキスト
主題:
タグ: タグ追加
タグなし, このレコードへの初めてのタグを付けませんか!

MARC

LEADER 00000 a a2200000 04500
001 557
003
040
100 |a Romero, Rodia  
245 |a Escuela de Ciencias ambientales + 23 /  |c Rodia Romero 
650 |a MEDIO AMBIENTE  
650 |a EDUCACION AMBIENTAL  
650 |a ENSEÑANZA SUPERIOR  
773 |g número 52; páginas 10-15  
999 |c 30629  |d 30629